00538nam a2200169Ia 4500003000900000008004100009020001600050040001600066080001500082100002600097245010500123260003000228300001000258650004100268650003500309650002400344IN-BaIIA211028s9999 xx 000 0 eng d a85274-234-7 cIIA Library a524.5bWIC aWickramasinghe, N. C. 0aLight scattering functions for small particlesbwith applications in astronomycN. C. Wickramasinghe aLondonbAdam Hilgerc1973 a506p. aAstronomy and astrophysics thesaurus aElementary particle scattering aInterstellar matter